The Essential Tagore/ (Record no. 191707)

MARC details
000 -LEADER
fixed length control field 00582nam a22001937a 4500
005 - DATE AND TIME OF LATEST TRANSACTION
control field 20220901112048.0
010 ## - LCCN (DPL NO)
LC control number ENG-134847
020 ## - INTERNATIONAL STANDARD BOOK NUMBER
International Standard Book Number 9788175224612
Terms of availability 1500.00
035 ## - SYSTEM CONTROL NUMBER
System control number EN-118379
037 ## - SOURCE OF ACQUISITION
Source of stock number/acquisition DBAD/PUB
082 ## - DEWEY DECIMAL CLASSIFICATION NUMBER
Classification number 880
245 ## - TITLE STATEMENT
Title The Essential Tagore/
Statement of responsibility, etc Edited by Fakrul Alam & Radha Chakravarty
260 ## - PUBLICATION, DISTRIBUTION, ETC. (IMPRINT)
Place of publication, distribution, etc Kolkata
Name of publisher, distributor, etc Kumkum Bhattacharya
Date of publication, distribution, etc 2011
270 ## - ADDRESS
Address 6 Acharya Jagadish Chandra Bose Road
City Kolkata
Postal code 700017
300 ## - PHYSICAL DESCRIPTION
Extent xxxii, 761p
Dimensions 24cm(hb)
700 ## - ADDED ENTRY--PERSONAL NAME
Personal name Alam, Fakrul
700 ## - ADDED ENTRY--PERSONAL NAME
Personal name Chakravarty, Radha
942 ## - ADDED ENTRY ELEMENTS (KOHA)
Source of classification or shelving scheme Dewey Decimal Classification
Item type English Books
Classification part 880
Call number suffix ESS
Holdings
Withdrawn status Lost status Not for loan Collection code Home library Current library Date acquired Source of acquisition Cost, normal purchase price Full call number Barcode Copy number Cost, replacement price Koha item type
    Not For Loan Reference Ashok Vihar Ashok Vihar 01/09/2022 DBAD/PUB 1500.00 880 ESS EN-118379 1 1500.00 English Books

© Delhi Public Library
Hit Counter
free hit counter